000 00539nam a2200169 a 4500
001 000045252
005 20201002050015.0
008 150217s19uu dr a 000 0 spa d
040 _aDO-SdBNP
_bspa
_cBNPHU
245 0 0 _aJuego y pienso :
_bguĆ­a del maestro /.
260 _aSanto Domingo :
_bSusaeta,
_c[199?].
300 _a23 p. :
_bil. ;
_c27 cm.
490 1 _aEscuela dominicana
500 _aEjercicios de preiniciación al calculo (primero y segundo ciclos)
500 _aLibro para preescolar
830 0 _aEscuela dominicana
_912154
999 _c44741
_d44741